Pays des circuits automobiles #2 - Statistiques

Statistiques générales
  • Ce quiz a été pris 167 fois
  • Le résultat moyen est 10 sur 15
Statistiques - réponses
Circuit Pays % Correct
Circuit International de Suzuka Japon
99%
HockenheimRing Allemagne
95%
Circuit Paul-Ricard France
88%
Daytona International Speedway États-Unis
85%
Autodromo Internazionale del Mugello Italie
83%
Circuit Park Zandvoort Pays-Bas
81%
Circuit de Goodwood Royaume-Uni
80%
Hungaroring Hongrie
76%
Albert Park Grand Prix Circuit Australie
62%
Autodromo Termas de Rio Hondo Argentine
58%
Sepang International Circuit Malaisie
58%
Autodromo Internacional do Algarve Portugal
58%
Circuit de Mandalika Indonésie
17%
Circuit International de Buriram Thaïlande
17%
Circuit International de Sokol Kazakhstan
11%
Aucun quiz correspondant
Distribution des résultats
% des personnes avec chaque résultat
Percentile par nombre de réponses
Votre historique - résultats
Vous n’avez pas pris ce quiz